Možnosti využitia počítačov SMEP v rámci výučby predmetov KORPP-u správa za 1. etapu RŠ-VII-1-06.1/4

Salvato in:
Dettagli Bibliografici
Natura: Libro
Lingua:slovacco
Pubblicazione: Bratislava VŠE 1987
Tags: Aggiungi Tag
Nessun Tag, puoi essere il primo ad aggiungerne!!

MARC

LEADER 00000nam a2200000 4500
001 c038861
005 20260326070858.3
041 0 |a slo 
044 |a SK 
245 1 0 |a Možnosti využitia počítačov SMEP v rámci výučby predmetov KORPP-u  |b správa za 1. etapu RŠ-VII-1-06.1/4 
264 1 |a Bratislava  |b VŠE  |c 1987 
300 |a 34 s.